| 000 | 00438nam a2200169 a 4500 | ||
|---|---|---|---|
| 001 | 930 | ||
| 003 | CDMR | ||
| 005 | 20130319194259.0 | ||
| 008 | 130130s1998||||||||||||||||||||||||||||d | ||
| 020 | _a8484090086 | ||
| 040 |
_aCDMR _bcat _cCPC LLEIDA |
||
| 245 | 0 | 3 |
_aEl ensayo contemporáneo _ceditor Jordi Jové |
| 260 |
_aLleida _c1998 _bUniversitat de Lleida |
||
| 490 | 0 |
_aScriptura _v14 |
|
| 700 | 1 |
_9726 _aJové, Jordi _eed. |
|
| 942 |
_cMON _2udc |
||
| 999 |
_c930 _d930 |
||